Santiago F. Puglia (Registro nro. 144625)

Detalles MARC
000 -LEADER
campo de control de longitud fija 00832nam a2200217 i 4500
001 - NÚMERO DE CONTROL
campo de control 144625
003 - IDENTIFICADOR DE NÚMERO DE CONTROL
campo de control ES-MaACL
005 - FECHA Y HORA DE LA ÚLTIMA TRANSACCIÓN
campo de control 20230906201048.0
007 - CAMPO FIJO DE DESCRIPCIÓN FÍSICA--INFORMACIÓN GENERAL
campo de control de longitud fija t|
008 - DATOS DE LONGITUD FIJA--INFORMACIÓN GENERAL
campo de control de longitud fija 070214s1977 xxu r ||||1| spa d
100 1# - ENTRADA PRINCIPAL--NOMBRE DE PERSONA
Nombre de persona Simmons, Merle E.
9 (RLIN) 106491
245 10 - MENCIÓN DEL TÍTULO
Título Santiago F. Puglia
Resto del título : an early Philadelphia propagandist for Spanish American independence /
Mención de responsabilidad, etc. Merle E. Simmons.
260 ## - PUBLICACIÓN, DISTRIBUCIÓN, ETC.
Lugar de publicación, distribución, etc. Chapel Hill (USA) :
Nombre del editor, distribuidor, etc. University of North Carolina,
Fecha de publicación, distribución, etc. 1977.
300 ## - DESCRIPCIÓN FÍSICA
Extensión 73 p. ;
Dimensiones 24 cm.
490 1# - MENCIÓN DE SERIE
Mención de serie North Carolina studies in the Romance languages and literatures ;
Designación de volumen o secuencia 195
600 14 - PUNTO DE ACCESO ADICIONAL DE MATERIA--NOMBRE DE PERSONA
Nombre de persona Puglia, Santiago Felipe.
9 (RLIN) 158548
710 00 - ENTRADA AGREGADA--NOMBRE DE ENTIDAD CORPORATIVA
Nombre de entidad corporativa o nombre de jurisdicción como elemento de entrada University of North Carolina.
9 (RLIN) 7512
830 0# - PUNTO DE ACCESO ADICIONAL DE SERIE-TÍTULO UNIFORME
Título uniforme North Carolina studies in the Romance languages and literatures ;
Designación de volumen o secuencia 195
9 (RLIN) 182412
852 ## - LOCALIZACIÓN
Ubicación ES-MaACL
Número de control de estantería A-7734
Sublocalización o colección R.96742
Existencias
Estatus retirado Estado de pérdida Estado de daño No para préstamo Biblioteca de origen Biblioteca actual Ubicación en estantería Fecha de adquisición Fuente de adquisición Total de préstamos Signatura topográfica completa Código de barras Visto por última vez Precio de reemplazo Tipo de ítem Koha
        Biblioteca del Ateneo de Madrid Biblioteca del Ateneo de Madrid Sala Pecera Planta 1 17/01/2008     A-7734 1150681 23/02/2023 23/02/2023 Libro impreso